LEADER 01054naa a2200205 u 4500 001 000000094723 003 CaOOAMICUS 005 20070226130139.0 008 040516s1955 it u000 u ita u 035 $a10995309 040 $aIAR$bita 100 1 $aSalvatorelli, Luigi,$d1886-1974.$0(OLS)http://pul/name/203 245 10$aMovimento francescano e gioachimismo :$bFrancesco d'Assisi e il francescanesimo nel primo secolo dell'ordine /$cLuigi Salvatorelli. 260 $aFirenze :$bG.C. Sansoni,$c1955. 300 $av.3, S. 403-448, ;$c24 cm 610 24$aFrancescani$xStoria.$0(OLS)http://pul/subject/29234 773 0 $aRelazioni del X Congresso Internazionale di Scienze Storiche (Roma 1955)$gv. 3. 773 0 $aInternational congress of historical studies.$tRelazioni del X congresso internazionale di scienze storiche$w()28142 996 $6245$aMovimento francescano e gioachimismo :$bFrancesco d'Assisi e il francescanesimo nel primo secolo dell'ordine$9(OLS)http://pul/title/121595 996 $6260$aFirenze :$bG.C. Sansoni$9(OLS)http://pul/publisher/48247 LEADER 01199nam a2200277 u 4500 001 000000078579 003 CaOOAMICUS 005 20070226123438.0 008 040506s2001 pl u000 u pol u 020 $a8373060367 035 $a10993669 040 $aPUL$bita 245 10$a"Gdy nasta?a pe?nia czasu" /$cPraca zbiorowa pod redakcj{ogon}a Antoniego J. Nowaka O.F.M. 260 $aLublin :$bTow. Nau. Katolickiego Uniwersytetu Lubelskiego,$cc2001. 300 $a328 p. ;$c24 cm 490 1 $aHomo meditans ;$v22 504 $aBibliografia in nota. 650 4$aUomo (teologia)$xDottrine$xStoria.$0(OLS)http://pul/subject/6597 700 1 $aNowaka, Antoniego J.$0(OLS)http://pul/name/52330 830 0$aHomo meditans ;$v22.$0(OLS)http://pul/title/40656 850 $aPUL 852 $aPUL$W1$xDP1 Altre Collocazioni$y17$m1061 D 2.22$j100754$nBK-PRI$b $qStampati$B100754$CPULBib$Z2$F100754 $HPUL90492 $81 941 1 $a8 996 $6020$a8373060367$9(OLS)http://pul/number/103036 996 $6245$a"Gdy nasta?a pe?nia czasu"$9(OLS)http://pul/title/102927 996 $6260$aLublin :$bTow. Nau. Katolickiego Uniwersytetu Lubelskiego$9(OLS)http://pul/publisher/75481